Object Professional pro Pascal Příručka programátora

Saved in:
Bibliographic Details
Main Author: Štolcpart, Petr
Format: Book
Language:Czech
Published: Praha Grada 1992
Edition:1. vyd.
Series:Nestůjte za dveřmi
Subjects:
Tags: Add Tag
No Tags, Be the first to tag this record!

MARC

LEADER 00000nam a2200000 4500
001 c003161
005 20221214090220.4
020 |a 80-85623-15-3 
041 0 |a cze 
044 |a CZ 
245 1 0 |a Object Professional pro Pascal  |b Příručka programátora  |c Petr Štolcpart a kol. 
250 |a 1. vyd. 
264 1 |a Praha  |b Grada  |c 1992 
300 |a 520 s. 
490 1 |a Nestůjte za dveřmi 
830 0 |a Nestůjte za dveřmi 
610 2 0 |a programy počítačové 
610 2 0 |a softvér 
610 2 0 |a programovanie 
610 2 0 |a Object Professional 
610 2 0 |a Pascal 
100 1 |a Štolcpart, Petr